000 00917nam0a2200277 4500
001 RU\NLR\ONL2\19718
005 20250613131909.0
010 _a978-5-297-01522-7
_9500
035 _a(NLR Aleph) 009667303
090 _a9643552
_c9643552
100 _a20110211d2010 |||y0rusy50 ca
101 0 _alez
102 _aRU
105 _ac |||||||||
200 1 _aАшкъидин вир
_e[шиирар ва поэиаяр]
_fГуьлмегъамед Шугаев
210 _aМахачкала
_cДаг. кн. изд-во
_d2010
215 _a181,[1] с.
_cпортр.
_d17
541 1 _aОзеро любви
_e[стихи и поэмы]
_zrus
686 1 _aШ6(2=Лез)7-5
700 1 _aШугаев
_bГ. К.
_gГюльмагомед Казимагомедович
_4070
801 0 _aRU
_bNLR
_c20110211
_gPSBO
852 _aNLR
_bОНЛ
_jЛезг./2-1156
942 _cBOOK
980 _aNB
980 _aONL_RF